| 000 | 00375nam a22001457a 4500 | ||
|---|---|---|---|
| 005 | 20250610124210.0 | ||
| 008 | 250610b |||||||| |||| 00| 0 eng d | ||
| 020 | _a9780804200318 | ||
| 050 |
_aBS476 _bHAY |
||
| 100 | _aHAYES H. JOHN | ||
| 245 |
_aBIBLICAL EXEGESIS; _bA BEGINNER'S HANDBOOK |
||
| 260 |
_aATANTA _bJOHN KNOX PRESS _cc1987 |
||
| 300 | _a159p | ||
| 942 |
_2lcc _cBK _n0 |
||
| 999 |
_c6389 _d6389 |
||